00314 a2200121 4500003000500000005001700005040000900022082001000031100002300041245010700064300001000171650001100181Nust20170207171606.0 cNust a005.8 aMenezes. Alfred J. aHandbook of Applied Cryptography (E-BOOK)bAlfred J. Menezes, Paul C. van Oorschot & Scott A. Vanstone a794 p aE-BOOK